[Event "184th open MGU"]
[Site "Sofia"]
[Date "2017.04.02"]
[Round "5.7"]
[White "Sapareva, Magdalena"]
[Black "Metev, Martin"]
[Result "0-1"]
[WhiteElo "1472"]
[BlackElo "2010"]
[PlyCount "124"]
[EventDate "2017.04.01"]
[EventType "swiss"]
[EventRounds "6"]
[EventCountry "BUL"]

1. b4 e6 2. Bb2 Nf6 3. a3 Be7 4. e4 O-O 5. d3 a5 6. b5 c6 7. a4 d5 8. e5 Nfd7
9. Nf3 c5 10. Be2 b6 11. c3 Qc7 12. d4 Bb7 13. O-O Re8 14. Bc1 f6 15. Bf4 Nf8
16. Bd3 Ng6 17. Bxg6 hxg6 18. Bg3 f5 19. Bh4 Bf8 20. Bg5 Nd7 21. Nh4 Kf7 22. g4
cxd4 23. cxd4 Bb4 24. Bd2 Qc4 25. Be3 Rac8 26. Nd2 Qc2 27. Ndf3 Qxd1 28. Ng5+
Kg8 29. Rfxd1 Nf8 30. gxf5 gxf5 31. Kg2 Rc4 32. Kg3 Rec8 33. Nhf3 Be7 34. Rdc1
R8c7 35. h4 Bc8 36. Rxc4 dxc4 37. d5 exd5 38. Bxb6 Rb7 39. Bxa5 Rd7 40. Bc3 Bc5
41. Bd4 Bb4 42. h5 c3 43. Be3 Rc7 44. Nd4 Rc4 45. f4 Bc5 46. Ngf3 Ne6 47. Nc2
d4 48. Nfxd4 Nxd4 49. Bxd4 Bxd4 50. Rd1 Bb6 51. Rd6 Bc7 52. Rc6 Rxc6 53. bxc6
Ba6 54. Ne1 Bc4 55. Kf3 Bd5+ 56. Ke2 Bxc6 57. Kd3 Ba5 58. Kd4 Bxa4 59. Kc4 c2
60. Nd3 Bd2 61. e6 c1=Q+ 62. Nxc1 Bxc1 0-1

[Event "184th open MGU"]
[Site "Sofia"]
[Date "2017.04.02"]
[Round "5.10"]
[White "Punchev, Ivan"]
[Black "Georgiev, Nikolay Zh"]
[Result "1-0"]
[WhiteElo "1708"]
[BlackElo "1574"]
[PlyCount "107"]
[EventDate "2017.04.01"]
[EventType "swiss"]
[EventRounds "6"]
[EventCountry "BUL"]

1. d4 d5 2. e3 Bf5 3. g4 Bg6 4. f4 e6 5. Nf3 Be7 6. h4 Be4 7. Nbd2 Bxh4+ 8.
Rxh4 f5 9. b3 Qe7 10. Bb2 Nd7 11. gxf5 exf5 12. Rh3 Bxf3 13. Qxf3 Ngf6 14.
O-O-O O-O-O 15. Bd3 g6 16. Kb1 Kb8 17. c4 c6 18. Qg3 Rhe8 19. Re1 Ng4 20. cxd5
cxd5 21. Bb5 h5 22. Qf3 Qd6 23. Bf1 Ndf6 24. Bd3 Rc8 25. Nf1 Rc7 26. Rc1 Rec8
27. Rxc7 Rxc7 28. Qg2 Qb4 29. Qe2 a6 30. Nh2 Re7 31. Bc1 Re8 32. Nf3 Re6 33.
Ne5 Ne8 34. Qc2 Qd6 35. Bf1 Re7 36. Bg2 Rc7 37. Qd2 Rc8 38. Rh1 Nc7 39. Qa5 Nb5
40. Bb2 Ka7 41. Rc1 Rxc1+ 42. Bxc1 b6 43. Qd2 Kb7 44. a4 Nc7 45. Ka2 Qe7 46.
Qc3 Nxe5 47. dxe5 Qh4 48. Qd2 Qg3 49. e6 h4 50. e7 h3 51. Bxd5+ Kb8 52. Qc2 h2
53. Qc6 Qf2+ 54. Ka3 1-0

[Event "184th open MGU"]
[Site "Sofia"]
[Date "2017.04.02"]
[Round "6.1"]
[White "Kolev, Nikola Vl"]
[Black "Hristov, Hristo M"]
[Result "0-1"]
[WhiteElo "1875"]
[BlackElo "2134"]
[PlyCount "94"]
[EventDate "2017.04.01"]
[EventType "swiss"]
[EventRounds "6"]
[EventCountry "BUL"]

1. Nf3 g6 2. c4 Bg7 3. e4 d6 4. d4 Nf6 5. Nc3 O-O 6. h3 c6 7. Be3 a6 8. Qd2 b5
9. cxb5 cxb5 10. b4 Bb7 11. Bd3 Nc6 12. Rb1 Nd7 13. O-O Nb6 14. d5 Ne5 15. Nxe5
Bxe5 16. Rfc1 Rc8 17. Ne2 e6 18. Rxc8 Bxc8 19. Bh6 Re8 20. dxe6 Bxe6 21. Nf4
Bc4 22. Nd5 Nxd5 23. exd5 Bxd5 24. Bxb5 Bxa2 25. Bg5 Qa8 26. Qxa2 axb5 27. Qb3
Qe4 28. Rd1 Bf4 29. Bxf4 Qxf4 30. g3 Qf5 31. Rxd6 Qxh3 32. Qc3 h5 33. Rd5 h4
34. Rxb5 hxg3 35. fxg3 Kh7 36. Re5 Ra8 37. Re4 Ra1+ 38. Re1 Ra2 39. Qf3 Qh2+
40. Kf1 Kg7 41. Qc3+ f6 42. Qf3 Qh3+ 43. Kg1 Qd7 44. Rd1 Qa7+ 45. Kh1 Rb2 46.
Qc3 Qb7+ 47. Kg1 Qg2# 0-1

[Event "184th open MGU"]
[Site "Sofia"]
[Date "2017.04.02"]
[Round "6.3"]
[White "Gelemerov, Yane"]
[Black "Andreev, Dobrotich"]
[Result "0-1"]
[WhiteElo "1976"]
[BlackElo "1986"]
[PlyCount "74"]
[EventDate "2017.04.01"]
[EventType "swiss"]
[EventRounds "6"]
[EventCountry "BUL"]

1. e4 c6 2. Nf3 d5 3. Nc3 Bg4 4. h3 Bxf3 5. Qxf3 e6 6. a3 Nf6 7. d3 Nbd7 8. g3
Ne5 9. Qe2 d4 10. Nb1 c5 11. Bg2 c4 12. O-O cxd3 13. cxd3 Be7 14. Bg5 Nc6 15.
Nd2 Rc8 16. f4 O-O 17. Rac1 e5 18. Nc4 h6 19. Bh4 Nd7 20. Bxe7 Qxe7 21. Bf3 b5
22. Nd2 Nf6 23. Nb3 a5 24. Rc2 Qe6 25. Rfc1 Na7 26. Nxa5 Qxh3 27. Qg2 Qe6 28.
f5 Qd6 29. b4 Rc3 30. Rxc3 dxc3 31. Be2 Nc6 32. Nb7 Qd4+ 33. Qf2 Ra8 34. Ra1 c2
35. Rc1 Qb2 36. Qe3 Nd4 37. Na5 Qxc1+ 0-1

[Event "184th open MGU"]
[Site "Sofia"]
[Date "2017.04.02"]
[Round "6.4"]
[White "Tzonev, Kirjl"]
[Black "Vladov, Lyubomir"]
[Result "0-1"]
[WhiteElo "1892"]
[BlackElo "1720"]
[PlyCount "84"]
[EventDate "2017.04.01"]
[EventType "swiss"]
[EventRounds "6"]
[EventCountry "BUL"]

1. d4 Nf6 2. Nf3 d6 3. Bf4 g6 4. h3 Bg7 5. Nc3 O-O 6. Qd2 Bf5 7. O-O-O Ne4 8.
Nxe4 Bxe4 9. Bh6 e6 10. Bxg7 Kxg7 11. Ng5 Bc6 12. h4 h6 13. Nf3 Nd7 14. g4 Bxf3
15. exf3 f5 16. Re1 Qf6 17. Bc4 Rae8 18. g5 hxg5 19. hxg5 Qf7 20. Qf4 Nb6 21.
Bb3 Nd5 22. Bxd5 exd5 23. Rxe8 Qxe8 24. Qh4 Rh8 25. Qxh8+ Qxh8 26. Rxh8 Kxh8
27. f4 Kg7 28. Kd2 Kf7 29. a4 Ke7 30. Kc3 Kd7 31. b4 Kc6 32. Kb3 Kb6 33. c4
dxc4+ 34. Kxc4 Kc6 35. d5+ Kd7 36. a5 c6 37. b5 cxb5+ 38. Kxb5 Kc7 39. a6 bxa6+
40. Kxa6 Kb8 41. Ka5 Kb7 42. Kb5 a6+ 0-1

[Event "184th open MGU"]
[Site "Sofia"]
[Date "2017.04.02"]
[Round "6.5"]
[White "Metev, Martin"]
[Black "Mladenov, Andrey"]
[Result "1-0"]
[WhiteElo "2010"]
[BlackElo "1552"]
[PlyCount "87"]
[EventDate "2017.04.01"]
[EventType "swiss"]
[EventRounds "6"]
[EventCountry "BUL"]

1. e4 c5 2. Nf3 Nc6 3. d4 cxd4 4. Nxd4 Nf6 5. Nc3 e5 6. Ndb5 d6 7. Bg5 a6 8.
Na3 b5 9. Nd5 Be7 10. Nxe7 Nxe7 11. Bxf6 gxf6 12. c4 Qa5+ 13. Qd2 Qxd2+ 14.
Kxd2 b4 15. Nc2 a5 16. Ne3 Bb7 17. Nd5 Nxd5 18. cxd5 Ke7 19. g3 Rac8 20. Bh3
Rc7 21. Rhc1 Rxc1 22. Rxc1 Kd8 23. a3 bxa3 24. bxa3 Re8 25. Rc4 Re7 26. Ra4 Kc7
27. Rxa5 Kb6 28. Ra4 Rc7 29. Rb4+ Ka5 30. g4 h6 31. Bf1 Bc8 32. h3 Bd7 33. Rb3
Ba4 34. Rb2 Rc5 35. Bd3 Bb5 36. Bxb5 Rxb5 37. Rxb5+ Kxb5 38. Kc3 Ka4 39. Kb2
Ka5 40. Kb3 Kb5 41. a4+ Ka5 42. Ka3 Ka6 43. Kb4 Kb6 44. a5+ 1-0

[Event "184th open MGU"]
[Site "Sofia"]
[Date "2017.04.02"]
[Round "6.7"]
[White "Grabcheva, Natalia"]
[Black "Babatov, Martin"]
[Result "1/2-1/2"]
[WhiteElo "1624"]
[BlackElo "1709"]
[PlyCount "116"]
[EventDate "2017.04.01"]
[EventType "swiss"]
[EventRounds "6"]
[EventCountry "BUL"]

1. Nf3 c6 2. b3 Nf6 3. Bb2 d5 4. e3 Bf5 5. d4 e6 6. Bd3 Bxd3 7. Qxd3 Nbd7 8. c4
Bb4+ 9. Bc3 Qa5 10. Bxb4 Qxb4+ 11. Qc3 Qxc3+ 12. Nxc3 O-O 13. Ke2 dxc4 14. bxc4
Rac8 15. c5 e5 16. Rhd1 exd4 17. exd4 Rfe8+ 18. Kf1 b6 19. cxb6 axb6 20. d5
Nxd5 21. Nxd5 cxd5 22. Rxd5 Nf6 23. Rd6 b5 24. Rb6 Rc5 25. Rb1 h6 26. R6xb5 Rc2
27. Rb8 Rxa2 28. Rxe8+ Nxe8 29. Rb8 Kf8 30. Nd4 Ke7 31. Nc6+ Kd6 32. Rxe8 Kxc6
33. Re7 Ra1+ 34. Ke2 Ra2+ 35. Kf3 Ra3+ 36. Kg4 Ra4+ 37. Kg3 Ra5 38. Rxf7 Rg5+
39. Kf3 Kd6 40. h4 Rg6 41. g4 Ke6 42. Ra7 Kd5 43. Kg3 Ke4 44. Re7+ Kd5 45. h5
Ra6 46. Rxg7 Ke5 47. Re7+ Kf6 48. Rh7 Ke5 49. f4+ Ke4 50. Re7+ Kd5 51. Rg7 Ke4
52. f5 Ra3+ 53. Kh4 Kf4 54. f6 Ra1 55. Kh3 Kf3 56. Kh2 Ra2+ 57. Kg1 Ra1+ 58.
Kh2 Ra2+ 1/2-1/2